000 00343nam a2200157 4500
001 46018
090 _a46018
100 _a20260421 pory50
101 _apor
102 _aPT
200 _aRafael
_fManuel alegre
210 _aLisboa
_cPublicações dom Quixote
_d2004
215 _a253 p.
675 _a82-31
801 _aPT
_gRPC
990 _cLIVROS